Nước Đức thế kỷ thứ XIX : Những thành tựu khoa học và kỹ thuật

সংরক্ষণ করুন:
গ্রন্থ-পঞ্জীর বিবরন
প্রধান লেখক: Dr. habil. Nguyễn Xuân Xanh
বিন্যাস: গ্রন্থ
ভাষা:Undetermined
প্রকাশিত: Tp. Hồ Chí Minh Tổng hợp Tp. Hồ Chí Minh 2004
বিষয়গুলি:
ট্যাগগুলো: ট্যাগ যুক্ত করুন
কোনো ট্যাগ নেই, প্রথমজন হিসাবে ট্যাগ করুন!
Thư viện lưu trữ: Trung tâm Học liệu Trường Đại học Cần Thơ
LEADER 00715nam a2200229Ia 4500
001 CTU_91684
008 210402s9999 xx 000 0 und d
020 |c 36000 
082 |a 943.07 
082 |b X107 
100 |a Dr. habil. Nguyễn Xuân Xanh 
245 0 |a Nước Đức thế kỷ thứ XIX : 
245 0 |b Những thành tựu khoa học và kỹ thuật 
245 0 |c Dr. habil. Nguyễn Xuân Xanh 
260 |a Tp. Hồ Chí Minh 
260 |b Tổng hợp Tp. Hồ Chí Minh 
260 |c 2004 
650 |a History,Science, technology 
650 |y 19century 
650 |z German 
904 |i Năm 
980 |a Trung tâm Học liệu Trường Đại học Cần Thơ